1492 1443 1918 1233 1201 1319 1763 1808 1622 1235 1323 1800 1518 1807 1540 1449 1235 1019 1261 1163 1091 1688 1105 1054 1414 1608 1192 1160 1450 1476 1026 1022 1818 1415 1295 1543 1060 1240 1726 1893 1585 1877 1909 1487 1002 1349 1889 1292 1415 1787 1286 1096 1560 1512 1632 1425 1906 1994 1337 1173 1444 1370 1895 1040 1370 1019 1155 1002 1452 1000 1920 1301 1727 1639 1776 1405 1335 1553 1437 1539 1420 1463 1674 1291 1980 1211 1718 1724 1807 1508 1176 1803 1688 1741 1950 1933 1839 1945 1862 BCNSPRNW ULIB Ver.6.0+V

เปลี่ยนเป็นภาษาไทย

Change to English
 แสดงรายละเอียดบรรณานุกรม
  กลับหน้าหลัก

Brief Record : Get Marc (ISO 2709) : E-mail record : QR code < ปิดหน้าต่าง
LEADER : 00000nam 2200000uu 4500
001    13399108010
003     ULIB
008    110214s2553||||th 000 0 tha d
020    9786161500184
060 04 WO100^bส733ต 2553
245 00 ตำราศัลยศาสตร์ /^cสุทธิพร จิตต์มิตรภาพ, พัฒน์พงศ์นาวีเจริญ, บรรณาธิการ
250    พิมพ์ครั้งที่ 11 (ฉบับปรับปรุงใหม่)
260    กรุงเทพฯ :^bคณะแพทยศาสตร์ จุฬาลงกรณ์มหาวิทยาลัย,^c2553
300    1198 หน้า :^bภาพประกอบ ;^c26 ซม.
650  7 ศัลยศาสตร์
650  7 ศัลยศาสตร์^xตำราเรียน
700 0  สุทธิพร จิตต์มิตรภาพ,^eบรรณาธิการ
700 0  พัฒน์พงศ์ นาวีเจริญ,^eบรรณาธิการ
710 2  จุฬาลงกรณ์มหาวิทยาลัย. ^bคณะแพทยศาสตร์
945    ^p800^l0^i028164
945    ^p800^l0^i028163
945    ^p800^l0^i028162
945    ^p800^l0^i028165
995    ทศพร
999 ^a ใช้งานได้ทุกระบบ
รายการนี้ยังไม่มีแท็ก
คุณยังไม่ได้ล็อกอิน คุณสามารถมีกิจกรรมร่วมกับเว็บไซต์ได้ แต่ต้องล็อกอินก่อน ::
  ล็อกอิน

รายการสื่อสารสนเทศ

ลำดับที่ ประเภท เลขเรียก/บาร์โค้ด สถานที่ สถานะ
1. วิทยาศาสตร์การแพทย์ และสุขภาพ
หนังสือสำรอง
สถานะ=หนังสือสำรอง
WO100 ส733ต 2553 ฉ.1 
  Barcode: 028162
ห้องสมุดวิทยาเขตสวรรค์ประชารักษ์
►ส่วนจัดเก็บหนังสือเก่า สปร
บนชั้น
  ขอยืม
2. วิทยาศาสตร์การแพทย์ และสุขภาพ
วิทยาศาสตร์การแพทย์ และสุขภาพ
WO100 ส733ต 2553 ฉ.2 
  Barcode: 028163
ห้องสมุดวิทยาเขตสวรรค์ประชารักษ์
►ส่วนจัดเก็บหนังสือเก่า สปร
บนชั้น
  ขอยืม
3. วิทยาศาสตร์การแพทย์ และสุขภาพ
วิทยาศาสตร์การแพทย์ และสุขภาพ
WO100 ส733ต 2553 ฉ.3 
  Barcode: 028164
ห้องสมุดวิทยาเขตสวรรค์ประชารักษ์
►ส่วนจัดเก็บหนังสือเก่า สปร
บนชั้น
  ขอยืม
4. วิทยาศาสตร์การแพทย์ และสุขภาพ
วิทยาศาสตร์การแพทย์ และสุขภาพ
WO100 ส733ต 2553 ฉ.4 
  Barcode: 028165
ห้องสมุดวิทยาเขตสวรรค์ประชารักษ์
►ส่วนจัดเก็บหนังสือเก่า สปร
บนชั้น
  ขอยืม

รายการใกล้เคียง
    หัวเรื่อง [ศัลยศาสตร์]

BibComment


ยังไม่เคยถูกคอมเมนท์

คอมเมนท์ทรัพยากรรายการนี้
  คอมเมนท์: ตำราศัลยศาสตร์ ส..


 Copyright 2026. Bcnsprnw @Library